000 00293nam a2200133Ia 4500
008 240703s9999 xx 000 0 und d
041 _aeng
100 _aGuntha
245 _aDigital First
260 _bWiley India
365 _cRS.
_b 689.00
906 _b35
999 _c41039
_d41039